Culture générale Facile - Statistiques

Statistiques générales
  • Ce quiz a été pris 1 024 fois
  • Le résultat moyen est 3 sur 5
Statistiques - réponses
Question Réponse % Correct
Qui a découvert la loi universel de la gravitation ? Newton
92%
Quel est le prénom de Mozart ? Wolfgang Amadeus
72%
Sur quel ile est né Cristiano Ronaldo ? Madère
66%
Quel est la capitale de la Turquie ? Ankara
65%
Combien ya t-il environ d'habitant aux Etats-Unis ? 330 M
35%
Aucun quiz correspondant
Distribution des résultats
% des personnes avec chaque résultat
Percentile par nombre de réponses
Votre historique - résultats
Vous n’avez pas pris ce quiz